<?xml version="1.0" encoding="UTF-8"?>
<record
    xmlns:xsi="http://www.w3.org/2001/XMLSchema-instance"
    xsi:schemaLocation="http://www.loc.gov/MARC21/slim http://www.loc.gov/standards/marcxml/schema/MARC21slim.xsd"
    xmlns="http://www.loc.gov/MARC21/slim">

  <leader>01236nmm a22002057a 4500</leader>
  <datafield tag="999" ind1=" " ind2=" ">
    <subfield code="c">5255</subfield>
    <subfield code="d">5255</subfield>
  </datafield>
  <controlfield tag="003">OSt</controlfield>
  <controlfield tag="005">20241007140453.0</controlfield>
  <controlfield tag="008">191018e        xxu|||||o||d| 00| 0 spa d</controlfield>
  <datafield tag="040" ind1=" " ind2=" ">
    <subfield code="c">PJ</subfield>
  </datafield>
  <datafield tag="100" ind1=" " ind2=" ">
    <subfield code="a">Docimo, Roberto Arturo </subfield>
    <subfield code="9">6308</subfield>
  </datafield>
  <datafield tag="245" ind1="1" ind2="3">
    <subfield code="a">La IA como herramienta &#xFA;til para la gesti&#xF3;n de los riesgos legales /</subfield>
    <subfield code="b">Roberto Arturo Docimo.</subfield>
  </datafield>
  <datafield tag="260" ind1=" " ind2=" ">
    <subfield code="a">Ciudad Aut&#xF3;noma de Buenos Aires :</subfield>
    <subfield code="b">Albrem&#xE1;tica, </subfield>
    <subfield code="c">2024.</subfield>
  </datafield>
  <datafield tag="300" ind1=" " ind2=" ">
    <subfield code="a">11 p.</subfield>
  </datafield>
  <datafield tag="500" ind1=" " ind2=" ">
    <subfield code="a">Doctrina de elDial.com
Cita digital: DC34DF

</subfield>
  </datafield>
  <datafield tag="505" ind1=" " ind2=" ">
    <subfield code="a">&#x201C;La integraci&#xF3;n de la IA en la Gesti&#xF3;n de Riesgos Legales representa una transformaci&#xF3;n significativa para el &#xE1;mbito jur&#xED;dico y empresarial. En este art&#xED;culo se analiza c&#xF3;mo &#xE9;sta puede mejorar la eficiencia, precisi&#xF3;n y capacidad predictiva en la identificaci&#xF3;n y mitigaci&#xF3;n de riesgos, conforme los est&#xE1;ndares establecidos en las ISO 31000:2018 y 31022:2020. Tambi&#xE9;n se identifican los desaf&#xED;os cruciales relacionados con la privacidad, la seguridad y los sesgos en los datos y algoritmos.&#x201D;</subfield>
  </datafield>
  <datafield tag="505" ind1=" " ind2=" ">
    <subfield code="t">Si te interesa el texto completo, solicitalo a: koha@justierradelfuego.gov.ar </subfield>
  </datafield>
  <datafield tag="650" ind1=" " ind2="0">
    <subfield code="9">5817</subfield>
    <subfield code="a">INTELIGENCIA ARTIFICIAL</subfield>
  </datafield>
  <datafield tag="650" ind1=" " ind2="0">
    <subfield code="9">4023</subfield>
    <subfield code="a">NUEVAS TECNOLOGIAS DE INFORMACION</subfield>
  </datafield>
  <datafield tag="942" ind1=" " ind2=" ">
    <subfield code="2">udc</subfield>
    <subfield code="c">ARE</subfield>
  </datafield>
</record>
